000 00728nam a2200241Ia 4500
003 OSt
005 20220923221854.0
006 a|||||r|||| 00| 0
007 ta
008 220922b |||||||| |||| 00| 0 hin d
024 _a200,694
037 _cTextual
040 _aARTS
_cARTS
_bhin
041 _2hin
_ahin
082 _aV2:25xM69:g, 152L3
100 _aमधुकर
245 0 _aगान्धी गाथा
246 _aGāndhī gāthā
260 _aउदयपुर
_b राजस्थान साहित्य अकादमी
_c1973
650 _aविश्व-इतिहास
942 _hV2:25xM69:g, 152L3
_cTEXL
_2CC
999 _c352366
_d352366